Où suis-je sur la carte ? #2 - Statistiques

Statistiques générales
  • Ce quiz a été pris 1 773 fois
  • Le résultat moyen est 4 sur 10
Réponses sur la Carte
Les réponses sont colorées sur une échelle allant du rouge au vert en fonction du pourcentage des utilisateurs qui les ont devinées à leur premier essai. Vous pouvez retrouver ces pourcentages ci-dessous.
 
Statistiques - réponses
Réponse % Correct
Madrid
99%
Ottawa
60%
Le Cap
52%
Lima
36%
Tallinn
36%
Téhéran
32%
Riyad
28%
Port-au-Prince
22%
Port Moresby
18%
Addis-Abeba
17%
Aucun quiz correspondant
Distribution des résultats
% des personnes avec chaque résultat
Percentile par nombre de réponses
Votre historique - résultats
Vous n’avez pas pris ce quiz